1796 1922 1737 1978 1095 1939 1822 1812 1452 1948 1424 1021 1385 1487 1938 1482 1435 1178 1996 1259 1137 1944 1173 1975 1839 1183 1110 1041 1146 1301 1274 1818 1187 1880 1153 1274 1336 1249 1974 1134 1146 1074 1523 1754 1644 1754 1839 1627 1568 1208 1645 1011 1700 1490 1485 1486 1943 1889 1676 1135 1698 1238 1460 1562 1371 1749 1252 1997 1020 1627 1111 1137 1673 1520 1668 1669 1544 1902 1773 1032 1234 1159 1540 1439 1643 1065 1178 1808 1228 1200 1984 1262 1777 1532 1628 1693 1345 1348 1008 BCNSPRNW ULIB Ver.6.0+V

เปลี่ยนเป็นภาษาไทย

Change to English
 แสดงรายละเอียดบรรณานุกรม
  กลับหน้าหลัก

Brief Record : Get Marc (ISO 2709) : E-mail record : QR code < ปิดหน้าต่าง
LEADER : 00000nam 2200000uu 4500
001    13399125375
003     ULIB
008    170515s2558||||th 000 0 tha d
020    ^a9786167829586
060    ^aWY101 น578ก
100    ^aนิตยา สมบัติแก้ว และเดือนทิพย์ เขษมโอภาส
245    ^aการพยาบาลพื้นฐาน : หลักการและแนวคิด
250    ^aพิมพ์ครั้งที่ 1
260    ^aกรุงเทพฯ :^bภาควิชาการพยาบาลพื้นฐานและบริหารการพยาบาล วิทยาลัยพยาบาลสภากาชาดไทย,^c2558
300    ^a256 หน้า^bภาพประกอบ
650    ^aการพยาบาลขั้นพื้นฐาน^xหลักการและแนวคิด
945    ^p0^l0^i002120
945    ^p0^l0^i002121
945    ^p0^l0^i002122
945    ^p0^l0^i002123
945    ^p0^l0^i002124
945    ^p0^l0^i002125
945    ^p0^l0^i002126
945    ^p0^l0^i002127
999    ^aวรรณษา ชูชัยมงคล
รายการนี้ยังไม่มีแท็ก
คุณยังไม่ได้ล็อกอิน คุณสามารถมีกิจกรรมร่วมกับเว็บไซต์ได้ แต่ต้องล็อกอินก่อน ::
  ล็อกอิน

รายการสื่อสารสนเทศ

ลำดับที่ ประเภท เลขเรียก/บาร์โค้ด สถานที่ สถานะ
1. Book การพยาบาล
Book การพยาบาล
สถานะ=หนังสือเก่า
WY101 น578ก ฉ.1 
  Barcode: 002120
ห้องสมุดวิทยาเขตสวรรค์ประชารักษ์
►ส่วนจัดเก็บหนังสือเก่า สปร
บนชั้น
  ขอยืม
2. Book การพยาบาล
Book การพยาบาล
สถานะ=หนังสือเก่า
WY101 น578ก ฉ.2 
  Barcode: 002121
ห้องสมุดวิทยาเขตสวรรค์ประชารักษ์
►ส่วนจัดเก็บหนังสือเก่า สปร
บนชั้น
  ขอยืม
3. Book การพยาบาล
Book การพยาบาล
สถานะ=หนังสือเก่า
WY101 น578ก ฉ.3 
  Barcode: 002122
ห้องสมุดวิทยาเขตสวรรค์ประชารักษ์
►ส่วนจัดเก็บหนังสือเก่า สปร
บนชั้น
  ขอยืม
4. Book การพยาบาล
Book การพยาบาล
WY101 น578ก ฉ.4 
  Barcode: 002123
ห้องสมุดวิทยาเขตสวรรค์ประชารักษ์
►หนังสือทั่วไป
ถูกยืม กำหนดส่งวันที่ 12 กรกฎาคม 2567
  จอง
5. Book การพยาบาล
Book การพยาบาล
สถานะ=หนังสือเก่า
WY101 น578ก ฉ.5 
  Barcode: 002124
ห้องสมุดวิทยาเขตสวรรค์ประชารักษ์
►ส่วนจัดเก็บหนังสือเก่า สปร
บนชั้น
  ขอยืม
6. Book การพยาบาล
Book การพยาบาล
สถานะ=หนังสือเก่า
WY101 น578ก ฉ.6 
  Barcode: 002125
ห้องสมุดวิทยาเขตสวรรค์ประชารักษ์
►ส่วนจัดเก็บหนังสือเก่า สปร
บนชั้น
  ขอยืม
7. Book การพยาบาล
Book การพยาบาล
สถานะ=หนังสือเก่า
WY101 น578ก ฉ.7 
  Barcode: 002126
ห้องสมุดวิทยาเขตสวรรค์ประชารักษ์
►ส่วนจัดเก็บหนังสือเก่า สปร
บนชั้น
  ขอยืม
8. Book การพยาบาล
Book การพยาบาล
สถานะ=หนังสือเก่า
WY101 น578ก ฉ.8 
  Barcode: 002127
ห้องสมุดวิทยาเขตสวรรค์ประชารักษ์
►ส่วนจัดเก็บหนังสือเก่า สปร
บนชั้น
  ขอยืม

รายการใกล้เคียง
    ชื่อเรื่อง [การพยาบาลพื้นฐาน : หลักการและแนวคิด]

BibComment


ยังไม่เคยถูกคอมเมนท์

คอมเมนท์ทรัพยากรรายการนี้
  คอมเมนท์: การพยาบาลพื้นฐาน..


 Copyright 2026. Bcnsprnw @Library